|
|
|
|
| LEADER |
00000nam a2200000 a 4500 |
| 001 |
vtls010082928 |
| 003 |
SK-MaSNL |
| 005 |
20260301212826.0 |
| 008 |
160627s2010 xo f u 000 0 slo |
| 015 |
|
|
|a SNBN2010/03-02123
|
| 020 |
|
|
|c (cen. skup. 03)
|
| 040 |
|
|
|a SNK
|b slo
|c SNK
|e AACR2
|
| 041 |
0 |
|
|a slo
|
| 044 |
|
|
|a xo
|c SK
|
| 046 |
|
|
|a s
|m 201004 (účin.)
|
| 072 |
|
7 |
|a 624
|x Stavebné inžinierstvo a inžinierske staviteľstvo všeobecne
|2 konspekt
|
| 080 |
|
|
|a 624.9
|2 2001
|
| 080 |
|
|
|a 624.042.2
|2 2001
|
| 080 |
|
|
|a 006.7/.8
|2 2001
|
| 080 |
|
|
|a (437.6)
|2 2001
|
| 080 |
|
|
|a (4)
|2 2001
|
| 084 |
|
|
|a 91.010.30
|2 ICS
|
| 130 |
0 |
|
|a STN 73 0035 (STN EN 1991-1-1/NA/Z1)
|9 598929
|
| 245 |
1 |
0 |
|a STN EN 1991-1-1/NA/Z1: 2010 (73 0035) Eurokód 1. Zaťaženia konštrukcií.
|n Časť 1-1
|p Všeobecné zaťaženia. Objemová tiaž, vlastná tiaž a úžitkové zaťaženia budov. Národná príloha. Zmena 1
|c spracovateľ SÚTN Bratislava
|
| 246 |
1 |
0 |
|a Eurokód 1
|
| 246 |
1 |
0 |
|a Zaťaženia konštrukcií. Časť 1-1
|
| 246 |
1 |
0 |
|a Všeobecné zaťaženia
|
| 246 |
3 |
0 |
|a EN 1991-1-1: 2002 E
|
| 246 |
1 |
0 |
|a Objemová tiaž, vlastná tiaž a úžitkové zaťaženia budov
|
| 246 |
1 |
0 |
|a Národná príloha. Zmena 1
|
| 260 |
|
|
|a Bratislava
|b Slovenský ústav technickej normalizácie
|c 2010
|
| 300 |
|
|
|a 2 s.
|c 30 cm
|
| 500 |
|
|
|a Súbežný názov v angličtine, francúzštine, nemčine
|
| 520 |
8 |
|
|a Táto norma obsahuje zmenu slovenskej národnej prílohy k STN EN 1991-1-1: 2007
|
| 540 |
|
|
|a STN vydané na akomkoľvek nosiči sa môžu rozmnožovať a rozširovať iba so súhlasom určenej právnickej osoby
|b SÚTN Bratislava
|c zákon 264/1999 Z.z.
|
| 650 |
0 |
7 |
|a stavebné konštrukcie
|2 SVKBBPH
|9 3695
|
| 650 |
0 |
7 |
|a zaťaženia konštrukcií
|2 SVKBBPH
|9 431681
|
| 650 |
0 |
7 |
|a budovy
|2 SVKBBPH
|9 1283
|
| 650 |
0 |
7 |
|a technické normy a štandardy
|z Slovensko
|2 SVKBBPH
|9 79594
|
| 650 |
0 |
7 |
|a technické normy a štandardy
|z krajiny Európskej únie
|2 SVKBBPH
|9 289341
|
| 650 |
0 |
7 |
|a úžitkové zaťaženia budov
|2 SVKBBPH
|9 598930
|
| 655 |
|
7 |
|a normy
|2 SVKBBPH
|9 70643
|
| 710 |
2 |
|
|a Slovenský ústav technickej normalizácie
|4 stn
|4 aut
|9 32706
|
| 774 |
1 |
8 |
|t STN EN 1991-1-1/NA: 2004
|d Bratislava: Slovenský ústav technickej normalaizácie, 2004
|w vtls009735959
|
| 852 |
|
|
|a Štátna vedecká knižnica v Banskej Bystrici
|
| 958 |
|
|
|a OP
|
| 999 |
|
|
|c 919331
|d 921261
|
| 952 |
|
|
|a SNK
|b SNK
|y PREZ
|7 0
|p 17A0658426
|o snkSTN EN 1991-1-1/NA/Z1
|i snk2010/9354
|8 0
|0 0
|1 0
|4 0
|d 2010-05-04
|l 0
|r 2026-02-24 08:11:01
|w 2026-02-24
|
| 952 |
|
|
|a SNK
|b SNK
|y PREZ
|7 0
|p 17A0658427
|o snkSTN EN 1991-1-1/NA/Z1 D1
|i snk2010/9355
|8 0
|0 0
|1 0
|4 0
|d 2010-05-04
|l 0
|r 2026-02-24 08:11:01
|w 2026-02-24
|